Story of India's Cheetah (Record no. 3493)

MARC details
000 -LEADER
fixed length control field 00427nam a22001817a 4500
003 - CONTROL NUMBER IDENTIFIER
control field OSt
005 - DATE AND TIME OF LATEST TRANSACTION
control field 20240312125653.0
008 - FIXED-LENGTH DATA ELEMENTS--GENERAL INFORMATION
fixed length control field 240312b |||||||| |||| 00| 0 eng d
020 ## - INTERNATIONAL STANDARD BOOK NUMBER
International Standard Book Number 9788195587810
082 ## - DEWEY DECIMAL CLASSIFICATION NUMBER
Classification number 599.75
Item number SINS
100 ## - MAIN ENTRY--PERSONAL NAME
Personal name Sinh, Divyabhanu
245 ## - TITLE STATEMENT
Title Story of India's Cheetah
260 ## - PUBLICATION, DISTRIBUTION, ETC.
Place of publication, distribution, etc. Mumbai
Name of publisher, distributor, etc. The Marg Foundation
Date of publication, distribution, etc. 2023
300 ## - PHYSICAL DESCRIPTION
Extent 322p
546 ## - LANGUAGE NOTE
Language note English
650 ## - SUBJECT ADDED ENTRY--TOPICAL TERM
Topical term or geographic name entry element Zoology
942 ## - ADDED ENTRY ELEMENTS (KOHA)
Source of classification or shelving scheme Dewey Decimal Classification
Koha item type Book
Holdings
Withdrawn status Lost status Source of classification or shelving scheme Damaged status Not for loan Collection code Home library Current library Shelving location Date acquired Source of acquisition Cost, normal purchase price Inventory number Full call number Barcode Date last seen Price effective from Koha item type Public note
    Dewey Decimal Classification     Non-fiction RIC Library RIC Library General Stacks 03/12/2024 Amazon 2411.00 IN-13364/03.02.2024 599.75 SINS 002770 03/12/2024 03/12/2024 Book R-9

Venue

Rajasthan International Centre
Sansthan Path,JLN Marg, Jaipur- 302017
Phone: +91-7230904025